That '70s Show Quiz Stats

 Plays Quiz Updated Sep 14, 2018

Score 0/24 Timer 06:00
10 Plays Today
Real Name Character Name % Correct
Topher GraceEric Forman
95.3%
Wilmer ValderramaFes (or Fez?)
94.7%
Laura PreponDonna Pinciotti
94.2%
Kurtwood SmithReginald 'Red' Forman
93.8%
Ashton KutcherMichael Kelso
92.5%
Mila KunisJackie Burkhart
89.4%
Danny MastersonSteven Hyde
86.4%
Debra Jo RuppKitty Forman
82.3%
Don StarkBob Pinciotti
70.1%
Tanya RobertsMidge Pinciotti
47.4%
Tommy ChongLeo Chingkwake
41.8%
Lisa Robin KellyLaurie Forman
39.3%
Real Name Character Name % Correct
Luke WilsonCasey Kelso
28.2%
Josh MeyersRandy Pearson
16.7%
Seth GreenMitch Miller
13.4%
Shannon ElizabethBrooke
11.7%
Cynthia LamontagneRhonda
9.8%
Allison MunnCaroline
8.9%
Kevin McDonaldPastor Dave
7.8%
Mo GaffneyJoanne Stupac
7.4%
Megalyn EchikunwokeAngie Barnett
5.9%
Jim GaffiganRoy Keen
5.7%
Tim ReidWilliam Barnett
5.1%
Judy TylorSamantha Hyde
4.7%

You're not logged in!

Compare scores with friends on all Sporcle quizzes.
OR
Log In

Sporcle TV

Today on Sporcle TV


Watch our educational content, quiz creation guides, and fun videos on Sporcle TV.

Show Comments

Extras

Top Quizzes Today


Score Distribution

Your Account Isn't Verified!

In order to create a playlist on Sporcle, you need to verify the email address you used during registration. Go to your Sporcle Settings to finish the process.

Report this User

Report this user for behavior that violates our Community Guidelines.

Details: